00375 2200157 4500245003900000250001100039100002000050700002200070650002000092005001900112260004500131041001400176084000800190300001000198336000900208 aMahabharatacNyoman S PendithText aCet. 1 aNyoman S Pendit aNur Ahmad Sadimin aFiksi Indonesia a20240911170855 aJakartabPT Gramedia Pustaka Utamac2003 aIndonesia a813 aPDF : atext